| 000 | 00763pam a22002534a 4500 | ||
|---|---|---|---|
| 001 | 13899821 | ||
| 005 | 20180301040404.0 | ||
| 008 | 050315s2003 moua bf 001 0 eng | ||
| 010 | _a 2005273104 | ||
| 020 | _a9780323052122 | ||
| 040 |
_aDLC _cDLC _dDLC |
||
| 041 | _aeng | ||
| 042 | _apcc | ||
| 080 | _a616.2407 | ||
| 082 | 0 | 0 |
_a616.2407 RUP _222 |
| 100 | 1 | _a4 | |
| 101 | _aSHM | ||
| 245 | 1 | 0 |
_aManual of pulmonary function testing / _cGregg L. Ruppel. |
| 246 | 3 | _aPulmonary function testing | |
| 504 | _aIncludes bibliographical references and index. | ||
| 906 |
_a7 _bcbc _corigcop _d2 _encip _f20 _gy-gencatlg |
||
| 942 |
_2ddc _cBK |
||
| 999 |
_c43774 _d43774 |
||